Historia de la guerra de Méjico, desde 1861 á 1867 (Record no. 162665)
[ view plain ]
| 000 -LEADER | |
|---|---|
| campo de control de longitud fija | 01070nam a22002055i 4500 |
| 001 - NÚMERO DE CONTROL | |
| campo de control | 162665 |
| 003 - IDENTIFICADOR DE NÚMERO DE CONTROL | |
| campo de control | ES-MaACL |
| 005 - FECHA Y HORA DE LA ÚLTIMA TRANSACCIÓN | |
| campo de control | 20230906212557.0 |
| 008 - DATOS DE LONGITUD FIJA--INFORMACIÓN GENERAL | |
| campo de control de longitud fija | 990913s1867 sp |||| | spa d |
| 040 ## - FUENTE DE CATALOGACIÓN | |
| Centro catalogador/agencia de origen | CAM |
| Lengua de catalogación | spa |
| Centro/agencia transcriptor | CAM |
| 100 1# - ENTRADA PRINCIPAL--NOMBRE DE PERSONA | |
| Nombre de persona | Pruneda, Pedro. |
| 9 (RLIN) | 131393 |
| 245 10 - MENCIÓN DEL TÍTULO | |
| Título | Historia de la guerra de Méjico, desde 1861 á 1867 |
| Resto del título | : con todos los documentos diplomáticos justificativos : precedida de una introducción que la comprende la descripción topográfica del territorio... y acompañada de 25 á 30 láminas litografiadas, representando retratos de los principales personajes y vistas de las ciudades mas populosas / |
| Mención de responsabilidad, etc. | por Pedro Pruneda. |
| 260 ## - PUBLICACIÓN, DISTRIBUCIÓN, ETC. | |
| Lugar de publicación, distribución, etc. | Madrid : |
| Nombre del editor, distribuidor, etc. | Elizalde y Compañía, editores, |
| Fecha de publicación, distribución, etc. | 1867 ( |
| Fabricante | Imprenta de los Sres. Rojas) |
| 300 ## - DESCRIPCIÓN FÍSICA | |
| Extensión | XI, 462 p., [32] h. de lám. ; |
| Dimensiones | 32 cm. |
| 597 ## - NOTA DE DESCRIPCIÓN FÍSICA | |
| NOTA DE DESCRIPCIÓN FÍSICA | Port con grab. xil. |
| 597 ## - NOTA DE DESCRIPCIÓN FÍSICA | |
| NOTA DE DESCRIPCIÓN FÍSICA | Texto a dos columnas. |
| 599 ## - NOTA A LAS ILUSTRACIONES | |
| NOTA A LAS ILUSTRACIONES | Las h. de grab lit.: "García dibujó", "Lit. de N. Gonz. |
| 651 #4 - PUNTO DE ACCESO ADICIONAL DE MATERIA--NOMBRE GEOGRÁFICO | |
| Nombre geográfico | México- |
| Subdivisión general | Historia- |
| Subdivisión cronológica | 1861-1867, Intervención europea. |
| 9 (RLIN) | 146885 |
| 852 ## - LOCALIZACIÓN | |
| Ubicación | ES-MaACL |
| Número de control de estantería | G-4999 |
| Nota libre | -- Enc. hol. |
| Estatus retirado | Estado de pérdida | Estado de daño | No para préstamo | Colección | Biblioteca de origen | Biblioteca actual | Ubicación en estantería | Fecha de adquisición | Fuente de adquisición | Total de préstamos | Signatura topográfica completa | Código de barras | Visto por última vez | Precio de reemplazo | Tipo de ítem Koha |
|---|---|---|---|---|---|---|---|---|---|---|---|---|---|---|---|
| Libros del s. XIX | Biblioteca del Ateneo de Madrid | Biblioteca del Ateneo de Madrid | Depósito 2 | 17/01/2008 | G-4999 | 1170419 | 23/02/2023 | 23/02/2023 | Libro impreso antiguo |
